000 00683nam a2200229Ia 4500
003 GCL
008 140319s9999 xx 000 0 ara d
040 _aGCL /
_cGCL
082 0 4 _a953.001
_bس ا
100 1 _aسعيد الافغانى
245 1 0 _aاسواق العرب فى الجاهلية والاسلام /
_cسعيد الافغانى
300 _a526 ص
490 _a
650 0 4 _aالعصر الجاهلى
650 0 4 _aالجاهلية
650 0 4 _aشبه الجزيرة العربية
650 0 4 _aالقبائل العربية
650 0 4 _aالاسواق
650 0 4 _aالتجارة - تاريخ
650 0 4 _aاسواق العرب
942 _2ddc
_cBK
999 _c40568
_d40568